000 00459nam a2200181Ia 4500
001 9120
005 20260306160700.0
008 260306t2012||||xx |||||||||||||| ||spa||
041 _aESP
082 _a372.7
_bM26A
100 _aMartínez Montero, Jaime
_eAUT
245 0 _aCompetencias básicas en matemáticas:
_buna nueva práctica
260 _c2012
300 _a162 páginas :
_c24 cm.
650 _aGEN
654 _aCED
942 _cLIB
_dJUS
_fJUS
_2ddc
_n
999 _c9120
_d9120